| 000 | 01334nam0a2200349 4500 | ||
|---|---|---|---|
| 001 | RU\NLR\bibl\941817 | ||
| 005 | 20250614195017.0 | ||
| 010 | _a5-466-00173-2 | ||
| 021 |
_aRU _b2006-17687 _9881 |
||
| 035 | _a(NLR Aleph) 000929987 | ||
| 090 |
_a153711 _c153711 |
||
| 100 | _a20060502d2006 |||y0rusy50 ca | ||
| 101 | 0 | _arus | |
| 102 | _aRU | ||
| 105 | _ay ||||||||| | ||
| 200 | 1 |
_aОсуществление субъективных гражданских прав с использованием в сети Интернет _fН. А. Дмитрик |
|
| 210 |
_aМосква _cВолтерс Клувер _d2006 |
||
| 215 |
_a186, [1] с. _d21 |
||
| 320 | _aБиблиогр.: с. 178-187 (163 назв.) и в подстроч. прим. | ||
| 606 | 1 |
_aСубъективные права _91490700 _3RU\NLR\auth\66640912 |
|
| 606 | 1 |
_aINTERNET, глобальная информационная сеть _xИспользование _xПравовое регулирование _92352074 _3RU\NLR\auth\661405139 |
|
| 686 | _aХ623.03 | ||
| 686 | _aХ803.3 | ||
| 686 | _aХ62ф | ||
| 686 | _aХ8ф | ||
| 700 | 1 |
_aДмитрик _bН. А. _gНиколай Андреевич _4070 |
|
| 801 | 0 |
_aRU _bNLR _c20060502 _grcr |
|
| 801 | 1 |
_aRU _bNLR _c20060502 |
|
| 942 | _cBOOK | ||
| 980 | _aNB | ||